Cours de topométrie générale / (Record no. 11507)

000 -LEADER
fixed length control field 00426nam a2200157 i 4500
040 ## - CATALOGING SOURCE
Transcribing agency DLC
082 00 - DEWEY DECIMAL CLASSIFICATION NUMBER
Classification number 526 EYR 1969 A030 Or.
100 1# - MAIN ENTRY--AUTHOR NAME
Personal name Durbec, Gérard.
245 10 - TITLE STATEMENT
Title Cours de topométrie générale /
250 ## - EDITION STATEMENT
Edition statement 2. éd. mise à jour.
260 ## - PUBLICATION, DISTRIBUTION, ETC. (IMPRINT)
Place of publication Paris :
Name of publisher Eyrolles,
Year of publication 1974- c1969.
300 ## - PHYSICAL DESCRIPTION
Number of Pages v. :
Other physical details ill. ;
Dimensions 25 cm.
490 0# - SERIES STATEMENT
Series statement Collection des cours de l'École chez soi
650 #0 - SUBJECT ADDED ENTRY--TOPICAL TERM
Topical Term Surveying.
942 ## - ADDED ENTRY ELEMENTS (KOHA)
Koha item type សៀវភៅភាសាបារាំង
952 ## - LOCATION AND ITEM INFORMATION (KOHA)
Withdrawn status [LOCAL, KOHA] 0
952 ## - LOCATION AND ITEM INFORMATION (KOHA)
Withdrawn status [LOCAL, KOHA] 0
952 ## - LOCATION AND ITEM INFORMATION (KOHA)
Withdrawn status [LOCAL, KOHA] 0
952 ## - LOCATION AND ITEM INFORMATION (KOHA)
Withdrawn status [LOCAL, KOHA] 0
Holdings
Permanent Location Date acquired Koha item type Lost status Shelving location Barcode Current Location Full call number
Library Block A2017-08-03សៀវភៅភាសាបារាំង A030A11629Library Block A526 EYR 1969 A030 Or.
Library Block A2017-08-03សៀវភៅភាសាបារាំង A030A12619Library Block A526 EYR 1969 A030 Or.
Library Block A2017-08-03សៀវភៅភាសាបារាំង A030A09722Library Block A526 EYR 1969 A030 Or.
Library Block A2017-08-03សៀវភៅភាសាបារាំង A030A10226Library Block A526 EYR 1969 A030 Or.
មជ្ឈមណ្ឌលឯការនៃសាកលវិទ្យាល័យភូមិន្ទកសិកម្មចំការដូង

Powered by Koha